غبا ر حيا ت (خو د نو شت سو ا نح) (Record no. 182745)

MARC details
000 -LEADER
fixed length control field 00658nam a22001937a 4500
005 - DATE AND TIME OF LATEST TRANSACTION
control field 20211203125412.0
010 ## - LCCN (DPL NO)
LC control number UR-11349
020 ## - INTERNATIONAL STANDARD BOOK NUMBER
Terms of availability 209.00
International Standard Book Number 9789390533060
035 ## - SYSTEM CONTROL NUMBER
System control number U-9904
037 ## - SOURCE OF ACQUISITION
Source of stock number/acquisition DBAD/PUB
082 ## - DEWEY DECIMAL CLASSIFICATION NUMBER
Classification number 921
100 ## - MAIN ENTRY--PERSONAL NAME
Personal name شمس کما ل ا نجم
245 ## - TITLE STATEMENT
Title غبا ر حيا ت (خو د نو شت سو ا نح)
Statement of responsibility, etc شمس کما ل ا نجم
246 ## - VARYING FORM OF TITLE
Title proper/short title Ghubar-e-Hayaat (Urdu)
Remainder of title Translated by Shams Kamal Anjum
260 ## - PUBLICATION, DISTRIBUTION, ETC. (IMPRINT)
Place of publication, distribution, etc N.Delhi
Date of publication, distribution, etc 2020 ء
Name of publisher, distributor, etc Educational Publishing House
270 ## - ADDRESS
Address D1/16,Ansari Road,Darya Ganj,
City New Delhi
Postal code 110002
Fax number -
300 ## - PHYSICAL DESCRIPTION
Extent 347 ص
Dimensions 22 Cm(Hb)
942 ## - ADDED ENTRY ELEMENTS (KOHA)
Source of classification or shelving scheme Dewey Decimal Classification
Item type Urdu Bks
Classification part 921
Call number suffix ع م ر
Holdings
Withdrawn status Lost status Not for loan Collection code Home library Current library Date acquired Source of acquisition Cost, normal purchase price Full call number Barcode Copy number Cost, replacement price Koha item type
      Non-fiction D.B.Act.Division Central Library 03/12/2021 DBAD/PUB 209.00 921 ع م ر U-9904 1 209.00 Urdu Bks

© Delhi Public Library
Hit Counter
free hit counter